[Event "Offene Hessische Senioren Einzelmeisters"]
[Site "Bad Sooden- Allendorf"]
[Date "2011.05.02"]
[Round "3.27"]
[White "Krebs, Dietmar"]
[Black "Sailer, Hans-Peter"]
[Result "1/2-1/2"]
[WhiteElo "2118"]
[BlackElo "1904"]
[PlyCount "97"]
[EventDate "2011.??.??"]

1. e4 e5 2. Nf3 Nc6 3. Bb5 a6 4. Bxc6 dxc6 5. O-O Bg4 6. h3 h5 7. d3 Qf6 8.
Nbd2 Ne7 9. Re1 Ng6 10. d4 Nf4 11. hxg4 hxg4 12. g3 gxf3 13. Qxf3 Ne6 14. dxe5
Qxe5 15. Nb3 Bd6 16. c3 O-O-O 17. Be3 f6 18. Kg2 Kb8 19. Rh1 Ng5 20. Bxg5 Qxg5
21. Rxh8 Rxh8 22. Rh1 Rxh1 23. Kxh1 Qb5 24. Qd1 a5 25. Qc2 Qf1+ 26. Kh2 g5 27.
Nd4 g4 28. Qe2 Qh3+ 29. Kg1 Qh5 30. Nf5 Bc5 31. Ne3 Bxe3 32. Qxe3 Qe5 33. Qd4
Qe6 34. a3 b5 35. Kg2 a4 36. f3 gxf3+ 37. Kxf3 Qb3 38. Qd2 c5 39. Kf4 c6 40.
Kf5 Qg8 41. Qf4+ Kb7 42. Kxf6 Qf8+ 43. Kg5 Qg7+ 44. Kh4 Qh7+ 45. Kg4 Qd7+ 46.
Qf5 Qd1+ 47. Kh4 Qh1+ 48. Kg4 Qd1+ 49. Kh4 1/2-1/2

[Event "Offene Hessische Senioren Einzelmeisters"]
[Site "Bad Sooden- Allendorf"]
[Date "2011.05.02"]
[Round "3.28"]
[White "Rollwitz, Jürgen"]
[Black "Heinzel, Peter"]
[Result "1-0"]
[WhiteElo "1978"]
[BlackElo "2078"]
[PlyCount "37"]
[EventDate "2011.??.??"]

1. e4 b6 2. g3 Bb7 3. Bg2 e6 4. Ne2 c5 5. O-O Ne7 6. d3 d5 7. c3 dxe4 8. dxe4
Qxd1 9. Rxd1 Nbc6 10. Be3 Rd8 11. Rxd8+ Nxd8 12. Nd2 Nc8 13. Rd1 Bd6 14. Nc4
Bc7 15. Bf4 Bxf4 16. Nxf4 Ke7 17. Ne3 h5 18. h4 f6 19. Ng6+ 1-0

[Event "Offene Hessische Senioren Einzelmeisters"]
[Site "Bad Sooden- Allendorf"]
[Date "2011.05.02"]
[Round "3.29"]
[White "Alefs, Willi"]
[Black "Noble, Alexander"]
[Result "1/2-1/2"]
[WhiteElo "1907"]
[BlackElo "2045"]
[PlyCount "70"]
[EventDate "2011.??.??"]

1. c4 f5 2. Nc3 Nf6 3. d4 e6 4. Nf3 d5 5. e3 c6 6. Ne5 Be7 7. Bd3 O-O 8. O-O
Nbd7 9. f4 Ne4 10. Rf3 Ndf6 11. Ne2 Bd7 12. Nxd7 Qxd7 13. Rh3 Ng4 14. Bxe4 fxe4
15. Ng3 Nf6 16. b3 a5 17. a4 b5 18. c5 b4 19. Nh5 $11 Qe8 20. Ra2 Nxh5 21. Qxh5
Qxh5 22. Rxh5 Rf5 23. Rxf5 exf5 24. Bd2 Kf7 25. Be1 Ke6 26. g3 g5 27. Rg2 Rg8
28. h4 h6 29. Kh2 Bd8 30. Bf2 Kf7 31. Kh3 gxh4 32. gxh4 Rxg2 33. Kxg2 Kg6 34.
Kh3 Kh5 35. Bg3 Be7 1/2-1/2

[Event "Offene Hessische Senioren Einzelmeisters"]
[Site "Bad Sooden- Allendorf"]
[Date "2011.05.02"]
[Round "3.30"]
[White "Schwertel, Johann"]
[Black "Kluger, Hans-Peter"]
[Result "1/2-1/2"]
[WhiteElo "2026"]
[BlackElo "1944"]
[PlyCount "97"]
[EventDate "2011.??.??"]

1. d4 d5 2. Nf3 Nf6 3. Bf4 c6 4. c3 Bf5 5. Nbd2 Nbd7 6. Ne5 Nxe5 7. Bxe5 e6 8.
Qb3 b5 9. a4 a6 10. e3 Nd7 11. Bg3 Be7 12. Be2 O-O 13. O-O Nb6 14. axb5 axb5
15. Nf3 h6 16. Ne5 Qc8 17. Bd3 Bxd3 18. Nxd3 Nc4 19. Qc2 f6 20. b3 Nd6 21. Nf4
Qd7 22. Ng6 Rfe8 23. Nxe7+ Qxe7 24. f3 e5 25. Bf2 e4 26. f4 Qd7 27. h3 Ra7 28.
Ra2 Rea8 29. Rfa1 Qb7 30. Qb2 Kf7 31. g4 Kg6 32. f5+ Kh7 33. Bg3 Nf7 34. Bf4
Rxa2 35. Rxa2 Rxa2 36. Qxa2 Ng5 37. Bxg5 hxg5 38. Qa5 Qb8 39. Kg2 Kg8 40. Qa6
Qe8 41. c4 bxc4 42. bxc4 Qd7 43. cxd5 Qxd5 44. Qc8+ Kf7 45. Qc7+ Kf8 46. Kg3
Qc4 47. Qd6+ Kf7 48. h4 Qd3 49. Qd7+ 1/2-1/2

[Event "Offene Hessische Senioren Einzelmeisters"]
[Site "Bad Sooden- Allendorf"]
[Date "2011.05.02"]
[Round "3.31"]
[White "Kirchberg, Hans-Georg"]
[Black "Bachmann, Rolf"]
[Result "0-1"]
[WhiteElo "1538"]
[BlackElo "2039"]
[PlyCount "82"]
[EventDate "2011.??.??"]

1. d4 Nf6 2. Nf3 g6 3. c4 Bg7 4. Nc3 O-O 5. e4 d6 6. h3 Nbd7 7. Bd3 c6 8. Qc2
e5 9. d5 cxd5 10. cxd5 Nc5 11. Bg5 Bd7 12. O-O Rc8 13. Qe2 Qb6 14. Be3 Nh5 15.
a3 Nf4 16. Bxf4 exf4 17. Rab1 f5 18. e5 Nxd3 19. e6 Ne5 20. exd7 Rcd8 21. Ng5
Rxd7 22. Na4 Qa5 23. Qc2 Qxd5 24. Rfd1 Qc4 25. Qxc4+ Nxc4 26. Ne6 Rb8 27. Nxg7
Kxg7 28. Rd4 b5 29. Nc5 Re7 30. Nd3 f3 31. Rc1 fxg2 32. b3 Nd2 33. Rxd6 Nxb3
34. Rd1 Rbb7 35. Nb4 Nc5 36. Rc1 Red7 37. Rc6 Ne4 38. f3 Nf6 39. Kxg2 a5 40.
Na6 Rd2+ 41. Kg3 Nh5+ 0-1

[Event "Offene Hessische Senioren Einzelmeisters"]
[Site "Bad Sooden- Allendorf"]
[Date "2011.05.02"]
[Round "3.32"]
[White "Biller, Dr. Helmut"]
[Black "Reimann, Günther"]
[Result "1-0"]
[WhiteElo "2139"]
[BlackElo "1959"]
[PlyCount "61"]
[EventDate "2011.??.??"]

1. d4 e6 2. c4 f5 3. g3 Nf6 4. Bg2 Be7 5. Nf3 O-O 6. O-O c6 7. Nc3 Ne4 8. Qc2
Nxc3 9. Qxc3 d6 10. Rd1 Nd7 11. e4 Nf6 12. Nd2 d5 13. e5 Ne4 14. Nxe4 fxe4 15.
Rf1 Bd7 16. f3 exf3 17. Bxf3 Qe8 18. Qd3 Rd8 19. c5 b5 20. Bd2 Ra8 21. a4 a6
22. Kg2 Qb8 23. b4 Qc8 24. Ra3 Be8 25. Rfa1 Bg6 26. Qb3 Rb8 27. axb5 axb5 28.
Ra7 Rf7 29. Bg4 Be4+ 30. Kg1 Bxc5 31. bxc5 1-0

[Event "Offene Hessische Senioren Einzelmeisters"]
[Site "Bad Sooden- Allendorf"]
[Date "2011.05.02"]
[Round "3.33"]
[White "Barlo, Werner"]
[Black "Kripp, Wolfgang"]
[Result "0-1"]
[WhiteElo "1901"]
[BlackElo "2153"]
[PlyCount "52"]
[EventDate "2011.??.??"]

1. c4 e6 2. Nf3 d5 3. g3 c5 4. Bg2 d4 5. O-O Nc6 6. e3 e5 7. exd4 exd4 8. Re1+
Be7 9. d3 Nf6 10. Bf4 O-O 11. Nbd2 Nh5 12. Ne4 Nxf4 13. gxf4 Bg4 14. Qb3 Bxf3
15. Bxf3 Rb8 16. Kh1 Qc7 17. f5 Qf4 18. Qd1 Ne5 19. Be2 Qxf5 20. Rg1 Rfe8 21.
Rg2 h6 22. Qg1 Bf8 23. Qd1 Kh8 24. Bg4 Nxg4 25. Qxg4 Qxg4 26. Rxg4 f5 0-1

[Event "Offene Hessische Senioren Einzelmeisters"]
[Site "Bad Sooden- Allendorf"]
[Date "2011.05.02"]
[Round "3.34"]
[White "Didzuhn, Dr. Werner"]
[Black "Blab, Ludwig"]
[Result "0-1"]
[WhiteElo "1930"]
[BlackElo "2146"]
[PlyCount "60"]
[EventDate "2011.??.??"]

1. e4 e6 2. d3 c5 3. Nf3 Nc6 4. g3 d5 5. Nbd2 Bd6 6. Bg2 Nge7 7. O-O O-O 8. c3
d4 9. Nc4 e5 10. a4 Bc7 11. Qc2 f6 12. Nfd2 Be6 13. Rd1 b6 14. Nb3 Qd7 15. cxd4
cxd4 16. Bd2 Bd6 17. Rdc1 Rfc8 18. Qd1 Rab8 19. Nxd6 Qxd6 20. Ra3 a5 21. Raa1
Nb4 22. Be1 Nec6 23. h3 Qd7 24. Kh2 Qf7 25. Ra3 Rc7 26. Bf1 Rbc8 27. Bd2 Na2
28. Ra1 Ncb4 29. Nc1 Nxc1 30. Rxc1 Nc2 0-1

[Event "Offene Hessische Senioren Einzelmeisters"]
[Site "Bad Sooden- Allendorf"]
[Date "2011.05.02"]
[Round "3.35"]
[White "Hunold, Rolf"]
[Black "Brandt, Fred"]
[Result "1-0"]
[WhiteElo "2122"]
[BlackElo "1873"]
[PlyCount "103"]
[EventDate "2011.??.??"]

1. e4 e5 2. Nf3 Nf6 3. Nxe5 d6 4. Nf3 Nxe4 5. d4 d5 6. Bd3 Be7 7. Nc3 Nxc3 8.
bxc3 Bg4 9. O-O O-O 10. Rb1 b6 11. Bf4 Bd6 12. Bxd6 Qxd6 13. Re1 Nd7 14. Bxh7+
Kxh7 15. Ng5+ Kg8 16. Qxg4 Nf6 17. Qf5 Rfe8 18. Re5 Qd7 19. Qxd7 Nxd7 20. Rxd5
Nf6 21. Re5 Rxe5 22. dxe5 Nd5 23. c4 Nc3 24. Rb3 Rd8 25. g3 Rd1+ 26. Kg2 Ne2
27. e6 fxe6 28. Nxe6 c5 29. Ra3 a5 30. Rb3 Rd6 31. Re3 Nc1 32. a3 Kf7 33. Ng5+
Kf8 34. Nf3 Kf7 35. g4 Kf6 36. h4 g6 37. Kg3 Rd1 38. Kf4 Rf1 39. g5+ Kf7 40.
Ne5+ Kg7 41. Ng4 Rh1 42. Kg3 Rg1+ 43. Kf3 Rh1 44. Re7+ Kf8 45. Re6 Rh3+ 46. Kg2
Rxa3 47. Rxg6 Ne2 48. Rf6+ Kg7 49. h5 Rc3 50. h6+ Kg8 51. Ne5 Rxc2 52. g6 1-0

[Event "Offene Hessische Senioren Einzelmeisters"]
[Site "Bad Sooden- Allendorf"]
[Date "2011.05.02"]
[Round "3.36"]
[White "Grabitz, Dr. Georg"]
[Black "Roth, Reinhard"]
[Result "1-0"]
[WhiteElo "2093"]
[BlackElo "1912"]
[PlyCount "99"]
[EventDate "2011.??.??"]

1. d4 Nf6 2. Nf3 e6 3. e3 b6 4. Bd3 Bb7 5. O-O Be7 6. c4 O-O 7. Nc3 d5 8. b3
Nbd7 9. Bb2 c5 10. cxd5 exd5 11. Rc1 Rc8 12. Bb1 Bd6 13. Ne2 Re8 14. Ng3 Ba6
15. Re1 g6 16. Bd3 c4 17. bxc4 dxc4 18. Qa4 cxd3 19. Qxa6 Rxc1 20. Rxc1 Qb8 21.
Qxd3 Bxg3 22. hxg3 Rc8 23. Rxc8+ Qxc8 24. e4 Qd8 25. Qc2 Qe8 26. Nd2 h5 27. d5
Qf8 28. Qc4 Qc5 29. Qxc5 bxc5 30. f3 Kf8 31. Kf2 Ke8 32. Ke3 Kd8 33. Kd3 Kc7
34. Nc4 Ne8 35. Ne5 Nd6 36. Nxd7 Kxd7 37. Be5 Ne8 38. Kc4 f6 39. Bb8 a5 40.
Kxc5 Kc8 41. Bf4 g5 42. Bd2 g4 43. Kc6 f5 44. e5 gxf3 45. gxf3 Nc7 46. Bxa5 f4
47. Be1 Na6 48. gxf4 Nb4+ 49. Bxb4 h4 50. d6 1-0

[Event "Offene Hessische Senioren Einzelmeisters"]
[Site "Bad Sooden- Allendorf"]
[Date "2011.05.02"]
[Round "3.37"]
[White "Scholze, Roland"]
[Black "Mentel, Dr. Jürgen"]
[Result "1/2-1/2"]
[WhiteElo "1986"]
[BlackElo "2129"]
[PlyCount "60"]
[EventDate "2011.??.??"]

1. d4 d6 2. e4 Nf6 3. Nc3 e5 4. dxe5 dxe5 5. Bg5 Qxd1+ 6. Rxd1 Bb4 7. Bd2 c6 8.
Nf3 O-O 9. Be2 Re8 10. O-O Bg4 11. h3 Bh5 12. Rfe1 h6 13. a3 Ba5 14. Nh4 Bxe2
15. Rxe2 Nbd7 16. Nf5 Bc7 17. Be3 Nb6 18. b3 Nc8 19. Bc1 b5 20. g4 a5 21. f3
Nb6 22. Red2 Nc8 23. Kh2 Kh7 24. Rg2 Nb6 25. g5 hxg5 26. Bxg5 Nh5 27. Be3 $11
g6 28. Nh6 f6 29. Rdg1 g5 30. Nf5 Nf4 1/2-1/2

[Event "Offene Hessische Senioren Einzelmeisters"]
[Site "Bad Sooden- Allendorf"]
[Date "2011.05.02"]
[Round "3.38"]
[White "Mewes, Hans-Dieter"]
[Black "Kotlar, Alfred"]
[Result "0-1"]
[WhiteElo "1938"]
[BlackElo "2068"]
[PlyCount "164"]
[EventDate "2011.??.??"]

1. c4 g6 2. g3 Bg7 3. Bg2 c6 4. Nc3 e6 5. e3 d5 6. d4 Nf6 7. Nf3 Nbd7 8. O-O
O-O 9. b3 Re8 10. Bb2 Nb6 11. cxd5 exd5 12. h3 Bf5 13. Ne5 Nfd7 14. Nxd7 Nxd7
15. Rc1 Nf6 16. Re1 h5 17. Ba3 Bh6 18. Qd2 Qd7 19. Kh2 a6 20. Rcd1 Qc7 21. f4
Be4 22. Nxe4 Nxe4 23. Bxe4 Rxe4 24. h4 Rae8 25. Bc1 f6 26. Qf2 Qd7 27. Qf3 Qf5
28. Rg1 Qg4 29. Rdf1 Kf7 30. Qxg4 hxg4 31. Kg2 Kg7 32. Rd1 Kf7 33. Rgf1 Ke7 34.
Rd3 Kd7 35. Kf2 Bf8 36. Bd2 Bd6 37. Kg2 Bc7 38. b4 f5 39. Rh1 Rh8 40. Rf1 Re6
41. Rb3 Ree8 42. Rbb1 Ra8 43. Rbc1 Bb6 44. Rc2 Bd8 45. Rb2 b5 46. Rc2 Bb6 47.
Rfc1 Rhc8 48. Rh1 Rh8 49. Rcc1 Rac8 50. Bc3 Rce8 51. Rce1 Re6 52. Kf2 Bd8 53.
Kg1 Bb6 54. Kg2 Ree8 55. Re2 Ra8 56. Kf2 a5 57. bxa5 Bxa5 58. Bxa5 Rxa5 59. Rb1
Ra3 60. Rbb2 Re8 61. Rb3 Ra4 62. Rbb2 Kd6 63. Ke1 Rea8 64. Kd1 Ra3 65. Ke1 R8a4
66. Kf2 Rc3 67. Rbc2 Rxc2 68. Rxc2 Rc4 69. Rb2 Rc1 70. Kg2 Kc7 71. Kf2 Kb6 72.
a4 Ka5 73. axb5 cxb5 74. Ra2+ Kb6 75. Ke2 b4 76. Rb2 Kb5 77. Kd3 Rc3+ 78. Kd2
Rc6 79. Rb1 Ka4 80. Ra1+ Kb3 81. Ra8 Rc2+ 82. Kd3 Rg2 0-1

[Event "Offene Hessische Senioren Einzelmeisters"]
[Site "Bad Sooden- Allendorf"]
[Date "2011.05.02"]
[Round "3.39"]
[White "Schütze, Manfred"]
[Black "Duijker, Bert"]
[Result "1/2-1/2"]
[WhiteElo "1913"]
[BlackElo "1867"]
[PlyCount "35"]
[EventDate "2011.??.??"]

1. e4 g6 2. d4 Bg7 3. Nc3 d6 4. Nf3 a6 5. a4 Nc6 6. h3 e5 7. Be3 exd4 8. Nxd4
Nge7 9. Be2 O-O 10. O-O Bd7 11. Qd2 Nxd4 12. Bxd4 Nc6 13. Bxg7 Kxg7 14. Nd5 f5
15. exf5 Bxf5 16. Qc3+ Kh6 17. Qd2+ Kg7 18. Qc3+ 1/2-1/2

[Event "Offene Hessische Senioren Einzelmeisters"]
[Site "Bad Sooden- Allendorf"]
[Date "2011.05.02"]
[Round "3.41"]
[White "Rost van Tonningen, Otto"]
[Black "von Janta, Lothar"]
[Result "1/2-1/2"]
[WhiteElo "2017"]
[BlackElo "1993"]
[PlyCount "43"]
[EventDate "2011.??.??"]

1. Nc3 d5 2. e4 dxe4 3. b3 Nf6 4. Bb2 e6 5. Bc4 Nbd7 6. Qe2 a6 7. a4 Nb6 8.
O-O-O Nxc4 9. Qxc4 Qd6 10. Nxe4 Nxe4 11. Qxe4 Qd5 12. Qxd5 exd5 13. Re1+ Be6
14. Nf3 O-O-O 15. Nd4 Bd7 16. Re2 Bc5 17. Rhe1 Rhe8 18. f3 g6 19. h3 Bd6 20.
Kd1 Rxe2 21. Nxe2 Re8 22. Nc1 1/2-1/2

[Event "Offene Hessische Senioren Einzelmeisters"]
[Site "Bad Sooden- Allendorf"]
[Date "2011.05.02"]
[Round "3.42"]
[White "Meyer, Walter"]
[Black "Kalix, Wolfgang"]
[Result "1/2-1/2"]
[WhiteElo "1889"]
[BlackElo "2064"]
[PlyCount "23"]
[EventDate "2011.??.??"]

1. c4 e5 2. g3 Nf6 3. Bg2 d5 4. cxd5 Nxd5 5. Nc3 Nb6 6. Nf3 Nc6 7. d3 Be7 8. a3
a5 9. O-O O-O 10. Be3 Be6 11. Rc1 Nd5 12. Nxd5 1/2-1/2

[Event "Offene Hessische Senioren Einzelmeisters"]
[Site "Bad Sooden- Allendorf"]
[Date "2011.05.02"]
[Round "3.43"]
[White "Oldach, Ehrenfried"]
[Black "Klüver, Horst"]
[Result "1/2-1/2"]
[WhiteElo "2033"]
[BlackElo "1902"]
[PlyCount "117"]
[EventDate "2011.??.??"]

1. e4 e6 2. d4 d5 3. Nc3 dxe4 4. Nxe4 Nf6 5. Bg5 Be7 6. Bxf6 Bxf6 7. c3 Be7 8.
Nf3 Nd7 9. Bd3 h6 10. O-O O-O 11. Qe2 Qe8 12. Rad1 c6 13. Bb1 g6 14. Ne5 f5 15.
Nd2 Nf6 16. f4 Kg7 17. Ndf3 Nd5 18. g3 g5 19. c4 Nc7 20. Qc2 Qh5 21. Kh1 g4 22.
Ne1 Ne8 23. N1d3 Nf6 24. Nf2 Rh8 25. Kg2 Qe8 26. Rh1 h5 27. h4 Rh6 28. Rd2 Bd6
29. Rhd1 b6 30. Kh2 Bb7 31. a3 Rd8 32. b4 b5 33. Ba2 bxc4 34. Bxc4 Nd5 35. Bxd5
cxd5 $11 36. Nfd3 Rc8 37. Nc5 Bxe5 38. dxe5 Ba6 39. Qb2 Bc4 40. Nb7 Qa4 41. Nd6
Rc7 42. Rc1 Rh8 43. Rdc2 Qa6 44. Qd4 Qxa3 45. Nb5 Bxb5 46. Rxc7+ Kg6 47. Qxa7
Qxb4 48. Qc5 Qd2+ 49. Kg1 Bc4 50. Ra1 Ra8 51. Rca7 Rxa7 52. Qxa7 d4 53. Qa8
Qe3+ 54. Kh2 Qf2+ 55. Qg2 Qe3 56. Qc6 Qf2+ 57. Qg2 Qe3 58. Qc6 Qf2+ 59. Qg2
1/2-1/2

[Event "Offene Hessische Senioren Einzelmeisters"]
[Site "Bad Sooden- Allendorf"]
[Date "2011.05.02"]
[Round "3.44"]
[White "Claus, Joachim"]
[Black "Kleist, Werner"]
[Result "1/2-1/2"]
[WhiteElo "1855"]
[BlackElo "1900"]
[PlyCount "107"]
[EventDate "2011.??.??"]

1. d4 d5 2. Nf3 Nf6 3. c4 c6 4. g3 Bf5 5. Nbd2 e6 6. Bg2 Nbd7 7. b3 Bb4 8. Bb2
O-O 9. O-O Bd6 10. Nh4 Bg6 11. Nxg6 fxg6 12. e4 dxe4 13. Nxe4 Nxe4 14. Bxe4 Nf6
15. Bg2 Re8 16. Re1 Qc7 17. c5 Bf8 18. Qd3 Rad8 19. Qc4 Nd5 20. Re2 Rd7 21.
Rae1 Rde7 22. Re5 h6 23. Bh3 Kf7 24. Qe2 Qc8 25. a3 g5 26. Qf3+ Kg8 27. Qh5 Kh7
28. Rxg5 Qc7 29. Qg6+ Kh8 30. Rge5 Qa5 31. b4 Qa4 32. Qd3 a5 33. bxa5 Qxa5 34.
Qd1 b6 35. cxb6 Qxb6 36. Qc1 Rb7 37. R1e2 Qb5 38. Bxe6 Rbe7 39. Bxd5 Rxe5 40.
Rxe5 Rxe5 41. Bxc6 Re1+ 42. Qxe1 Qxb2 43. Qe8 Qxa3 44. Bd5 Qe7 45. Qxe7 Bxe7
46. Be6 g5 47. f4 Kg7 48. f5 Bd8 49. Kg2 Bb6 50. d5 Bc7 51. Kf3 h5 52. h3 h4
53. Ke4 Be5 54. Kd3 1/2-1/2

[Event "Offene Hessische Senioren Einzelmeisters"]
[Site "Bad Sooden- Allendorf"]
[Date "2011.05.02"]
[Round "3.46"]
[White "Rychlik, Kurt"]
[Black "Kienel, Norbert"]
[Result "1-0"]
[WhiteElo "2106"]
[BlackElo "1875"]
[PlyCount "91"]
[EventDate "2011.??.??"]

1. Nf3 d5 2. d4 e6 3. e3 Nf6 4. c4 c6 5. Nc3 Bd6 6. c5 Bc7 7. b4 O-O 8. Bd3
Nbd7 9. Bb2 Re8 10. O-O e5 11. dxe5 Nxe5 12. Nxe5 Bxe5 13. h3 Be6 14. f4 Bc7
15. Ne2 Ne4 16. Qc2 f5 17. Rad1 Qh4 18. Nd4 Re7 19. a4 Bd7 20. Rf3 Rf8 21. Ne2
Be8 22. Bxe4 fxe4 23. Rg3 Bh5 24. Kh2 Rff7 25. Rf1 Kf8 26. Bc3 g5 27. Be1 Bg6
28. Rg4 Qh6 29. g3 gxf4 30. gxf4 Rf5 31. Ng3 Rff7 32. Qb2 Ke8 33. b5 Rd7 34.
Bc3 Bf5 35. Nxf5 Rxf5 36. Rg8+ Rf8 37. Bg7 Rxg7 38. Qxg7 Qxg7 39. Rxg7 Rf7 40.
Rxf7 Kxf7 41. Kg3 Kf6 42. bxc6 bxc6 43. Rb1 Bd8 44. Rb7 Be7 45. Rc7 Bxc5 46.
Rxc6+ 1-0

[Event "Offene Hessische Senioren Einzelmeisters"]
[Site "Bad Sooden- Allendorf"]
[Date "2011.05.02"]
[Round "3.48"]
[White "Papenkordt, Karl-Hermann"]
[Black "Busic, Nedjeljko"]
[Result "0-1"]
[WhiteElo "1906"]
[BlackElo "2059"]
[PlyCount "54"]
[EventDate "2011.??.??"]

1. c4 Nf6 2. Nc3 g6 3. Nf3 Bg7 4. d4 d6 5. g3 O-O 6. Bg2 c6 7. O-O Na6 8. e4
Qc7 9. Be3 Ng4 10. Bd2 e5 11. d5 f5 12. Ng5 Qe7 13. exf5 gxf5 14. dxc6 Rb8 15.
Nd5 $11 Qd8 16. cxb7 Rxb7 17. h3 f4 18. gxf4 exf4 19. Nxh7 Kxh7 20. hxg4 Qh4
21. Bf3 Bxg4 22. Bxg4 f3 23. Qc2+ Kh8 24. Qg6 Be5 25. Qh5+ Qxh5 26. Bxh5 Rg8+
27. Kh1 Rh7 0-1

[Event "Offene Hessische Senioren Einzelmeisters"]
[Site "Bad Sooden- Allendorf"]
[Date "2011.05.02"]
[Round "3.50"]
[White "Mann, Klaus-Dieter"]
[Black "Rüggeberg, Wilhelm"]
[Result "1-0"]
[WhiteElo "2116"]
[BlackElo "1918"]
[PlyCount "63"]
[EventDate "2011.??.??"]

1. e4 c5 2. Nf3 d6 3. d4 cxd4 4. Nxd4 Nf6 5. Nc3 a6 6. Be2 e6 7. O-O Be7 8. Kh1
Qc7 9. f4 Nc6 10. Be3 O-O 11. Bf3 Bd7 12. Nb3 Rac8 13. Qd2 b5 14. a3 Rfd8 15.
Qf2 Rf8 16. g4 Be8 17. Qg3 Nd7 18. g5 Nb6 19. f5 Nc4 20. Bc1 Bd7 21. f6 Bd8 22.
Qh4 N6e5 23. fxg7 Kxg7 24. Qh6+ Kg8 25. Bh5 Bc6 26. Nd4 Qe7 27. b3 Nb6 28. Bb2
Nbd7 29. Rae1 Nb6 30. Nf3 Bb7 31. Re2 Ng6 32. Nd5 1-0

[Event "Offene Hessische Senioren Einzelmeisters"]
[Site "Bad Sooden- Allendorf"]
[Date "2011.05.02"]
[Round "3.51"]
[White "Kneschke, Hansjürgen"]
[Black "Krüger, Bernhard"]
[Result "1/2-1/2"]
[WhiteElo "1871"]
[BlackElo "1789"]
[PlyCount "60"]
[EventDate "2011.??.??"]

1. d4 Nf6 2. Nf3 e6 3. c4 Bb4+ 4. Bd2 Qe7 5. Qc2 c5 6. e3 Nc6 7. Bd3 O-O 8.
dxc5 Bxc5 9. a3 a5 10. Nc3 d5 11. O-O Qd8 12. cxd5 exd5 13. Nb5 Be7 14. Bc3 g6
15. h3 Re8 16. Ne5 Bd7 17. Nxd7 Qxd7 18. Rac1 Rac8 19. Qd2 Qd8 20. Rfd1 Ne4 21.
Bxe4 dxe4 22. Nd4 b6 23. Nxc6 Rxc6 24. Bd4 Rd6 25. Qc2 Bf6 26. Bxf6 Qxf6 27.
Rxd6 Qxd6 28. Rd1 Qe6 29. Rd4 Kg7 30. Qc3 Kg8 1/2-1/2

[Event "Offene Hessische Senioren Einzelmeisters"]
[Site "Bad Sooden- Allendorf"]
[Date "2011.05.02"]
[Round "3.52"]
[White "Just, Joachim"]
[Black "Strozewski, Günter"]
[Result "1-0"]
[WhiteElo "2032"]
[BlackElo "1865"]
[PlyCount "70"]
[EventDate "2011.??.??"]

1. g3 d5 2. f4 Nc6 3. Nf3 Bf5 4. Bg2 Nf6 5. O-O e6 6. b3 Bc5+ $11 7. e3 d4 8.
Ne5 Nxe5 9. fxe5 Ng4 10. e4 d3+ 11. Kh1 dxc2 12. Qxc2 Qd4 13. Bb2 Nf2+ 14. Rxf2
Qxf2 15. Nc3 Bg6 16. Rf1 Qd4 17. Na4 Qb4 18. Nxc5 O-O-O 19. d4 Qb5 20. Rc1 c6
21. a4 Qb6 22. Qc4 h5 23. d5 h4 24. gxh4 Rxh4 25. dxe6 Qc7 26. Qc3 Rdh8 27. h3
Qe7 28. Qg3 R8h6 29. exf7 Qxf7 30. e6 Qe7 31. Be5 R4h5 32. Bd6 Qf6 33. Rf1
Rxh3+ 34. Qxh3 Rxh3+ 35. Bxh3 Qd8 1-0

[Event "Offene Hessische Senioren Einzelmeisters"]
[Site "Bad Sooden- Allendorf"]
[Date "2011.05.02"]
[Round "3.53"]
[White "Simon, Götz-Jochen"]
[Black "Klein, Klaus"]
[Result "1-0"]
[WhiteElo "1862"]
[BlackElo "2057"]
[PlyCount "33"]
[EventDate "2011.??.??"]

1. e4 c6 2. d4 d5 3. Nc3 dxe4 4. Nxe4 Bf5 5. Ng3 Bg6 6. Nf3 Nd7 7. Bd3 e6 8.
Bf4 Ngf6 9. O-O Qb6 10. Re1 O-O-O 11. Bxg6 hxg6 12. Ng5 Rh4 13. Be3 Nd5 14.
Nxf7 Re8 15. Rb1 Nxe3 16. Rxe3 Qxd4 17. Rd3 1-0

[Event "Offene Hessische Senioren Einzelmeisters"]
[Site "Bad Sooden- Allendorf"]
[Date "2011.05.02"]
[Round "3.54"]
[White "Alefs, Heinz"]
[Black "Schnaitmann, Herbert"]
[Result "0-1"]
[WhiteElo "1839"]
[BlackElo "2044"]
[PlyCount "88"]
[EventDate "2011.??.??"]

1. Nf3 Nf6 2. d4 d5 3. Bf4 e6 4. e3 Bd6 5. Bg3 c5 6. dxc5 Bxg3 7. hxg3 Qa5+ 8.
c3 Qxc5 9. Nbd2 Nc6 10. Bd3 e5 11. Be2 Bf5 12. Nh4 Be6 13. Nhf3 O-O 14. Qc2 e4
15. Nd4 Nxd4 16. exd4 Qd6 17. O-O-O Bf5 18. Nf1 Bg6 19. Ne3 a6 20. Qb3 b5 21.
Kb1 Rfd8 22. Ka1 Rab8 23. f4 exf3 24. Bxf3 Ne4 25. Bxe4 Bxe4 26. Rh3 Rdc8 27.
Rh5 b4 28. c4 dxc4 29. Nxc4 Qg6 30. Rc5 Bc2 31. Qxb4 Bxd1 32. Rxc8+ Rxc8 33.
Qb7 Rf8 34. Ne5 Qc2 35. a3 Be2 36. d5 Qc1+ 37. Ka2 Bc4+ 38. Nxc4 Qxc4+ 39. Qb3
Qxb3+ 40. Kxb3 Rb8+ 41. Kc3 Kf8 42. b4 Ke7 43. Kc4 Kd6 44. a4 h5 0-1

[Event "Offene Hessische Senioren Einzelmeisters"]
[Site "Bad Sooden- Allendorf"]
[Date "2011.05.02"]
[Round "3.55"]
[White "Johannsen, Ingbert"]
[Black "Gelzinnus, Siegfried"]
[Result "1-0"]
[WhiteElo "2048"]
[BlackElo "1821"]
[PlyCount "91"]
[EventDate "2011.??.??"]

1. e4 c6 2. d4 d5 3. f3 e6 4. g3 Nf6 5. Bg2 c5 6. c3 Nc6 7. Ne2 Be7 8. e5 Nd7
9. Nd2 Nb6 10. f4 Bd7 11. Nf3 Rc8 12. O-O O-O 13. b3 c4 14. b4 a5 15. a3 axb4
16. axb4 Ra8 17. Bd2 Rxa1 18. Qxa1 Qa8 19. g4 Qxa1 20. Rxa1 Ra8 21. Rxa8+ Nxa8
22. Ng3 Nb6 23. f5 Na4 24. h4 Na7 25. fxe6 fxe6 26. g5 Nb5 27. Ne2 Be8 28. Bh3
Bd7 29. Kf2 g6 30. Ke3 Bf8 31. Nh2 h5 32. Nf3 Kf7 33. Ne1 Be7 34. Ng2 Bd8 35.
Ngf4 Nc7 36. Bg2 b5 37. Bf3 Nb2 38. Ng3 Na4 39. Bd1 Nb6 40. Bc2 Bxg5 41. Bxg6+
Kg7 42. Ngxh5+ Kh6 43. hxg5+ Kxg5 44. Nf6 Bc8 45. Kf3 Na6 46. Be8 1-0

[Event "Offene Hessische Senioren Einzelmeisters"]
[Site "Bad Sooden- Allendorf"]
[Date "2011.05.02"]
[Round "3.56"]
[White "van Vorselen, Theo"]
[Black "Nietsch, Horst"]
[Result "0-1"]
[WhiteElo "1858"]
[BlackElo "2010"]
[PlyCount "94"]
[EventDate "2011.??.??"]

1. e4 e6 2. d4 d5 3. Nc3 Nf6 4. e5 Nfd7 5. f4 c5 6. Nf3 Nc6 7. Be3 cxd4 8. Nxd4
Qb6 9. Qd2 Nxd4 10. Bxd4 Qd8 11. O-O-O a6 12. f5 Be7 13. fxe6 fxe6 14. Kb1 O-O
15. Qe3 b6 16. Bd3 Nc5 17. Be2 Bg5 18. Qh3 Ra7 19. Rhf1 Raf7 20. g3 Rxf1 21.
Rxf1 Rxf1+ 22. Qxf1 Qf8 23. b4 Qxf1+ 24. Bxf1 Nd7 25. Bh3 Kf7 26. Kb2 Ke7 27.
a4 g6 28. Kb3 Bh6 29. Ne2 g5 30. c4 dxc4+ 31. Kxc4 Bg7 32. Nc3 Bb7 33. Bg4
Nxe5+ 34. Bxe5 Bxe5 35. Be2 Kd6 36. Kd3 Bxc3 37. Kxc3 a5 38. bxa5 bxa5 39. Kd4
e5+ 40. Ke3 Bc6 41. Bd1 Kc5 42. h4 h6 43. hxg5 hxg5 44. Bg4 Kb4 45. Kd2 Bxa4
46. Kc1 Kc3 47. Bf5 Bc6 0-1